书目信息 |
| 题名: |
工业企业生产经营管理
|
|
| 作者: | 蒋杰 主编 | |
| 分册: | ||
| 出版信息: | 北京 中国轻工业出版社 1993.05 |
|
| 页数: | 602页 | |
| 开本: | 32开 | |
| 丛书名: | ||
| 单 册: | ||
| 中图分类: | F406.2 | |
| 科图分类: | ||
| 主题词: | 工业经济--经济理论 | |
| 电子资源: | ||
| ISBN: | 7-5019-1357-9 | |
| 000 | 00577nam0 2200193 45 | |
| 001 | 0009281675 | |
| 005 | 20000928164927.8 | |
| 010 | @a7-5019-1357-9@d28.80元 | |
| 100 | @a20000928d1993 km y0chiy0120 ea | |
| 101 | 0 | @achi |
| 105 | @a z 000yy | |
| 200 | 1 | @a工业企业生产经营管理@AGong Ye Qi Ye Sheng Chan Jing Ying Guan Li@f蒋杰主编@FJiang Jie Zhu Bian |
| 210 | @a北京@c中国轻工业出版社@d1993.05 | |
| 215 | @a602页@d32开 | |
| 606 | 0 | @a工业经济@x经济理论 |
| 690 | @aF406.2@v3 | |
| 701 | 0 | @a蒋杰@4主编 |
| 801 | @aCN@bPftUser@c20000928 | |
| 905 | @b157833-835@dF406.2@eJ373@f3 | |
| 工业企业生产经营管理/蒋杰主编.-北京:中国轻工业出版社,1993.05 |
| 602页;32开 |
| ISBN 7-5019-1357-9:28.80元 |
| ● |
| 相关链接 |
|
|
|
正题名:工业企业生产经营管理
索取号:F406.2/J373
 
预约/预借
| 序号 | 登录号 | 条形码 | 馆藏地/架位号 | 状态 | 备注 |
| 1 | 157833 | 201578337 | 社科库409/409社科库 33排7列5层/ [索取号:F406.2/J373] | 在馆 | |
| 2 | 157834 | 201578346 | 社科库409/409社科库 33排7列5层/ [索取号:F406.2/J373] | 在馆 | |
| 3 | 157835 | 201578355 | 社科库409/409社科库 33排7列5层/ [索取号:F406.2/J373] | 在馆 |